| 000 -LEADER |
| fixed length control field |
00266 a2200109 4500 |
| 008 - FIXED-LENGTH DATA ELEMENTS--GENERAL INFORMATION |
| fixed length control field |
250813b ||||| |||| 00| 0 eng d |
| 020 ## - INTERNATIONAL STANDARD BOOK NUMBER |
| International Standard Book Number |
9772951003003 |
| 100 ## - MAIN ENTRY--PERSONAL NAME |
| Personal name |
Ji-Young Kim Jeong-Hyeon Oh |
| 245 ## - TITLE STATEMENT |
| Title |
A+PLUS 1 |
| 260 ## - PUBLICATION, DISTRIBUTION, ETC. (IMPRINT) |
| Name of publisher, distributor, etc |
Hye-Young Jeong |
| Date of publication, distribution, etc |
2024 |
| 942 ## - ADDED ENTRY ELEMENTS (KOHA) |
| Source of classification or shelving scheme |
|